=LDR 00000nam 2200000 4500 =001 INLIS000000000005998 =005 20200505110331 =035 ##$$a 0010-061300000005998 =008 200505################g##########0#ind## =041 ##$$a Ind =082 ##$$a 2x0.000 2 =090 ##$$a 2x0.0002, Kun p =100 ##$$a Kuntowijoyo =245 1#$$a Paradigma islam : $b interprestasi untuk aksi /$c Dr. Kuntowijoyo ; editor, A.E Priyono =260 ##$$a Bandung :$b bandungMizan,$c 1993 =300 ##$$a 400 hlm. ; $c 15,5x23,5 cm. =650 #4$$a Islam =700 1#$$a Priyono, A.E. =084 ##$$a 2x0.000 2 KUN p =504 ##$$a Bibliografi : hlm. 377 - 387 =504 ##$$a Indeks : hlm. 389 - 400 =990 ##$$a DW00021036 =990 ##$$a 69.241 pro.94